| 000 | 00584nam a2200181Ia 4500 | ||
|---|---|---|---|
| 003 | OSt | ||
| 005 | 20260331100709.0 | ||
| 008 | 211028s2010 xx 000 0 und d | ||
| 040 | _cAIMIT LIBRARY | ||
| 041 | _aeng | ||
| 082 | _a658.8 DEEP | ||
| 100 |
_aDeepthi A;Shanbhag, Santhosh. _g816077 _96601 |
||
| 245 | _aTo analyse the feasibility of implementation of online campus management solutions of vrix by campuses(engineering and management) in Mangalore / | ||
| 260 |
_bShanbhag, Santhosh _c2010 |
||
| 600 |
_aMarketing _96602 |
||
| 650 |
_aMarketing _96603 |
||
| 942 |
_2ddc _cPRO |
||
| 999 |
_c218292 _d218292 |
||